MARC

LEADER 00000cam a2200000 7i4500
001 0000003081
005 20040515.0
020 0 0 |a 9831000102 
090 0 0 |a R610.04   |b MED 2002 
245 0 0 |a MEDICINES in Malay villages   |c compiled by Roland Werner 
260 0 0 |a Kuala Lumpur :   |b University of Malaya Press ,   |c 2002 
300 |a 437, [4] p. ;   |c 28 cm. 
440 0 0 |a Preservation of culture and recording of traditions series. Culture of healing in Malaysia. Malay culture of healing sub-series ; v. 2 
500 0 0 |a Includes bibliographical references (p. [441]) 
650 0 0 |a Herbals   |z Malaysia   |x Terminology 
650 0 0 |a Malay   |x Medicine   |x Terminology 
700 0 1 |a Werner   |h Roland ,   |c 1925- 
998 |a JPSM 
999 |a 0000005509   |b Monograph   |c Reference   |e Default branch